header

Moving without a body (Record no. 12550)

MARC details
000 -LEADER
fixed length control field 01476nam a2200373Ia 4500
082 04 - DEWEY DECIMAL CLASSIFICATION NUMBER
Classification number 701/.8
100 1# - MAIN ENTRY--AUTHOR NAME
Personal name Portanova, Stamatia,
245 10 - TITLE STATEMENT
Title Moving without a body
260 ## - PUBLICATION, DISTRIBUTION, ETC. (IMPRINT)
Place of publication Cambridge, Massachusetts :
Name of publisher MIT Press,
Year of publication c2013.
300 ## - PHYSICAL DESCRIPTION
Number of Pages x, 179 p. :
Other physical details ill.
490 1# - SERIES STATEMENT
Series statement Technologies of lived abstraction
650 #0 - SUBJECT ADDED ENTRY--TOPICAL TERM
Topical Term Movement (Philosophy)
Topical Term Human body (Philosophy)
Topical Term Choreography
Topical Term Digital art
856 40 - ELECTRONIC LOCATION AND ACCESS
Uniform Resource Identifier http://site.ebrary.com/lib/rucke/Doc?id=10686953

No items available.

© 2026 Rongo University
Contact us: librarian | system librarian | Rongo university